| 000 | 00592nam a2200193Ia 4500 | ||
|---|---|---|---|
| 999 |
_c8759 _d8759 |
||
| 003 | OSt | ||
| 005 | 20201006112409.0 | ||
| 008 | 190216s9999||||xx |||||||||||||| ||und|| | ||
| 020 | _a9790070411837 | ||
| 040 | _coclc | ||
| 082 |
_a005.133 _bSCH/C |
||
| 100 |
_aSchildt, Herbert _95348 |
||
| 245 | 0 |
_aC: The Complete Reference / _cHerbert Schildt |
|
| 250 | _a4th Ed. | ||
| 260 |
_bTata Mcgraw Hill Publishing Company Ltd, _c2000. _aNew Delhi: |
||
| 300 | _a805p | ||
| 650 | _a"Computer Programming. Programs, Data" | ||
| 942 |
_cBK _2ddc _h005.133 _iSCH/C _k005.133 _mSCH/C |
||